Normal view
MARC view
Entry Personal Name
001 - CONTROL NUMBER
- control field: 61269
003 - CONTROL NUMBER IDENTIFIER
- control field: OSt
005 - DATE AND TIME OF LATEST TRANSACTION
- control field: 20260616161226.0
008 - FIXED-LENGTH DATA ELEMENTS
- fixed length control field: 260616|| aca||aabn | a|a d
040 ## - CATALOGING SOURCE
- Original cataloging agency: OSt
- Transcribing agency: OSt
100 ## - HEADING--PERSONAL NAME
- Personal name: Phillips, Jeremy et al
670 ## - SOURCE DATA FOUND
- Source citation: Work cat.: (OSt): Phillips, Jeremy et al , Moving into danger? Embedding hazard modelling in a participatory workshop to support risk-sensitive urban development in Quito, Ecuador
